| 000 | 00593nam a2200193 i 4500 | ||
|---|---|---|---|
| 001 | 22686 | ||
| 003 | ES-MaACL | ||
| 005 | 20250728233143.0 | ||
| 007 | t| | ||
| 008 | 021204s1925 fr ||||1| fre d | ||
| 100 | 1 |
_aAltmayer, Maurice. _920552 |
|
| 245 | 1 | 0 |
_aMétallurgie du cuivre et alliages de cuivre / _cpar M. Altmayer et León Guillet. |
| 260 |
_aParís : _bJ.B. Baillière et Fils, _c1925. |
||
| 300 |
_a714 p. ; _c23 cm. |
||
| 650 | 7 |
_aMetalurgia _2embne _9136491 |
|
| 700 | 1 |
_aGuillet, Léon, _d1873-1946 _9156038 |
|
| 852 |
_aES-MaACL _jB-12183 |
||
| 999 |
_c22686 _d22686 |
||